Estructuralismo y filosofía.

Guardado en:
Detalles Bibliográficos
Autor principal: Bonomi, Andrea [et al.], (autor)
Formato: Libro
Idioma:Español
Temas:
Etiquetas: Agrega una etiqueta
Sin etiquetas, Sé el primero en etiquetar este registro!

MARC

LEADER 00000cam^a2200000uu^4500
001 000467923
005 20250521000000.0
008 050901s1971^^^^^^^^^^^^rd^r^^000^0^spa^d
009 20260310124457.331
035 |a FCE 000010657 
035 |a FCE 031883 
037 |a Acervo ITESO - Biblioteca 
041 |a spa 
082 0 4 |a 149.94  |b BONe 
100 |a Bonomi, Andrea,  |e [et al.]  |e (autor) 
245 1 0 |a Estructuralismo y filosofía. 
264 |a Buenos Aires :  |b Nueva visión,  |c 1971. 
300 |a 176 p. 
336 |a texto  |b txt  |2 rdacontenido 
337 |a sin mediación  |b n  |2 rdamedio 
338 |a volumen  |b nc  |2 rdasoporte 
649 |a XX 
650 |a Filosofía 
650 |a Estructuralismo 
650 |a Método 
910 |a Fondo Centro de Estudios Educativos 
920 |a Impresos - Libros 
930 |a Fondos Especiales 
905 |a 133 
901 |a ALE031883  |b IT2  |c CEE  |u 20250521 
902 |a https://opac.biblio.iteso.mx/vufind/Record/000467923